Песни (Запис номер 360707)
[ съкратено ]
| 000 -Лидер | |
|---|---|
| Контролно поле с фиксирана дължина | 01168ncm a2200325 a 4500 |
| 003 - Код на организацията, давaща контролен номер | |
| Контролно поле | BLK |
| 005 - Дата и час на последна редакция | |
| Контролно поле | 20250130004036.0 |
| 008 - Елементи от данни с фиксирана дължина | |
| fixed length control field | 200423b bu ||||| |||| 00| 0 bu d |
| 040 ## - Източник на каталожния запис | |
| Идентификатор на билиотеката - собственик на записа | BLK |
| 041 ## - Код за език | |
| Код за езика на текст/звукозапис или на отделно заглавие | Руски |
| Код за езика КДБФ | Руски |
| 080 ## - УДК | |
| Текстов определител УДК | Вокална музика |
| УДК код - определител по УДК | 784 |
| УДК - код + определител | 784 |
| 080 ## - УДК | |
| Текстов определител УДК | Музика за пиано |
| УДК код - определител по УДК | 786.2 |
| УДК - код + определител | 786.2 |
| 100 ## - Редна дума - Автор | |
| Автор | Долуханян, Александр Павлович |
| Авторска отговорност | първи автор |
| R(LIN) | 1299 |
| 139 ## - Редно поле | |
| Редна дума | Долуханян, Александр Павлович |
| Авторски знак | Дол - Д 75 |
| 245 ## - Сведения за заглавието | |
| Заглавие | Песни |
| Подзаглавни данни | В сопровождении фортепьяно (баяна) |
| Редно поле (дума) | А. Долуханян |
| 260 ## - Област на издателските данни | |
| 9 (RLIN) | 402757 |
| Място на издаване, разпространение и проч. | Москва |
| Име на издателя, разпространителя и проч. | Советский композитор |
| Година на издаване | 1969 |
| 300 ## - Физическа характеристика | |
| Страници | 108 с. |
| Размери/Мащаб | 30 см |
| 380 ## - Жанр | |
| Жанр | Изкуство |
| 650 #7 - Допълнително описание по предмет – тема | |
| 9 (RLIN) | 166108 |
| Основно описание – тема или топоним | Песни |
| 650 #7 - Допълнително описание по предмет – тема | |
| Основно описание – тема или топоним | Вокално-инструментални творби |
| Източник на редна или ключова дума | |
| 9 (RLIN) | 151228 |
| 653 #7 - Ключова дума – ненормативна | |
| 9 (RLIN) | 193730 |
| Ключова дума | пиано |
| 653 #7 - Ключова дума – ненормативна | |
| 9 (RLIN) | 180518 |
| Ключова дума | акордеон |
| 852 ## - Местоположение | |
| Форматна сигнатура | Цб М ІІ 5544 |
| Фондова буква | Хранилище |
| 999 ## - СИСТЕМНИ КОНТРОЛНИ НОМЕРА | |
| Koha biblionumber | 360707 |
| Koha biblioitemnumber | 360707 |
| 942 ## - АРТИКУЛИ | |
| Вид на библиотечния материал | Нотни издания |
| Скрит в OPAC | Не |
| Периодичен библиозапис | Да |
| 944 ## - СЪЗДАВАНЕ И РЕДАКЦИЯ на ЗАПИСА | |
| Създаване/Редакция | Създаване |
| Дата на регистрацията/редакция | 2020-05-08 |
| Служител, извършил регистрацията/редакцията | |
| Статус, дата на статуса | CRON CRON |
| 999 ## - СИСТЕМНИ КОНТРОЛНИ НОМЕРА | |
| Koha biblioitemnumber | 356782 |
| 999 ## - СИСТЕМНИ КОНТРОЛНИ НОМЕРА | |
| Koha biblioitemnumber | 356776 |
| 999 ## - СИСТЕМНИ КОНТРОЛНИ НОМЕРА | |
| Koha biblioitemnumber | 356769 |
| 999 ## - СИСТЕМНИ КОНТРОЛНИ НОМЕРА | |
| Koha biblioitemnumber | 356760 |
| Код за отписване | Код за изгубен артикул | Източник на класификационната схема | Код за повреда | Код за отдаване | Артикулен № | Име на библиотеката - собственик | Име на библиотеката, в която се намира в момента | Статус (Текущо местоположение) | Дата на вписване в системата | Местоположение - отдел | Цена в лева | Инвентарен номер | Систематично азбучна сигнатура | Баркод | Цена в евро | Служебен тип на артикула |
|---|---|---|---|---|---|---|---|---|---|---|---|---|---|---|---|---|
| Не е изгубен | Universal Decimal Classification | Не е повреден | ползва се в читалня | 768207 | Регионална библиотека "Любен Каравелов" Русе | Регионална библиотека "Любен Каравелов" Русе | Хранилище | 2020-05-08 | Хранилище | 1.06 | 64685 | Цб М ІІ 5544 | 900000015080 | 0.54 | Нотни издания |